Normal view
MARC view
- Lindsay, James M.
Entry Personal Name
001 - CONTROL NUMBER
- control field: 5330
003 - CONTROL NUMBER IDENTIFIER
- control field: URS
005 - DATE AND TIME OF LATEST TRANSACTION
- control field: 20230707150044.0
008 - FIXED-LENGTH DATA ELEMENTS
- fixed length control field: 230707|| aca||aabn | a|a d
040 ## - CATALOGING SOURCE
- Original cataloging agency: URS
100 ## - HEADING--PERSONAL NAME
- Personal name: Lindsay, James M.
- Relator term: author







Phil. Journal of Health Research & Development
Phil. Journal of Neurology












Tritech Digital Media
Bangko Sentral ng Pilipinas Resources













